Ciencias físicas y naturales
Gespeichert in:
| 1. Verfasser: | |
|---|---|
| Format: | keine Angabe |
| Sprache: | Spanisch |
| Erschienen: |
Burgos
Imprenta y librería Hijos de Santiago Rodríguez
1907
|
| Katalog: | MANES: Suchergebnis im Bibliothekskatalog |
| Schulbuchspezifische Eigenschaften: |
|
| Schriftenreihe: | Biblioteca enciclopédica hispano-americana
|
| Online-Zugang: | Biblioteca Virtual del Patrimonio Bibliográfico |
| Tags: |
Tag hinzufügen
Keine Tags, Fügen Sie den ersten Tag hinzu!
|
| Hinzugefügt zu: | 26.04.2016 |
| Geändert in: | 30.01.2026 |
MARC
| LEADER | 000000000a22000000004500 | ||
|---|---|---|---|
| 001 | 34597 | ||
| 003 | OSt | ||
| 005 | 20260130102806.0 | ||
| 008 | 160427s sp ||||| |||| 00| 0 spa d | ||
| 040 | |a manes |c manes | ||
| 041 | |a Español | ||
| 690 | |a FQ |a CN | ||
| 856 | |z Biblioteca Virtual del Patrimonio Bibliográfico |u http://bvpb.mcu.es/es/catalogo_imagenes/grupo.cmd?path=13249 | ||
| 100 | 1 | |a Benejam, Juan |9 20177 | |
| 245 | 0 | 0 | |a Ciencias físicas y naturales |
| 260 | 3 | |a Burgos |b Imprenta y librería Hijos de Santiago Rodríguez |c 1907 | |
| 300 | |a 232 p. |c 22 cm | ||
| 440 | |a Biblioteca enciclopédica hispano-americana |9 14503 | ||
| 500 | |a Signatura: JE6/121. Novísima edición ilustrada. Enc. cartón ilustrado | ||
| 691 | 0 | |a SE | |
| 942 | |2 ddc |c BK | ||
| 546 | |a España | ||
| 999 | |c 41595 |d 41595 | ||
| 999 | |c manes:41595 |d 41595 | ||